00470pam a2200181 a 4500001000800000005001700008008004100025010001700066020002800083040001800111041000800129080001700137082002100154100000700175101000800182245006800190504003000258383927720171226081845.0870212s1987 mdua b 001 0 eng  a 87003910  a0801834538 (alk. paper) aDLCcDLCdDLC aeng a616.8582 FAV00a616.8582 FAV2191 a48 aPSI10aBodies under siege :cArmando R. Favazza, with Barbara Favazza. aBibliography: p. 239-260.